Die größten Unternehmen der Welt nach Marktkapitalisierung - Statistiken

Allgemein
  • Dieses Quiz wurde 115 mal gespielt
  • Das Durchschnittsergebnis liegt bei 11 aus 39
Antwortstatistiken
Platz Land Branche Marktkapitalisierung Antwort % Korrekt
1 USA Technologie 3.430 Mrd. Apple
94%
2 USA Software 3.100 Mrd. Microsoft
80%
12 USA Automobil 770 Mrd. Tesla
69%
5 USA Konsumgüter 1.910 Mrd. Amazon
64%
40 Deutschland Software 260 Mrd. SAP
64%
47 Japan Automobil 230 Mrd. Toyota
56%
13 USA Einzelhandel 650 Mrd. Walmart
56%
33 Südkorea Technologie 300 Mrd. Samsung
53%
7 USA Medien 1.475 Mrd. Meta
52%
4 USA Software 2.050 Mrd. Alphabet
46%
31 USA Getränke 300 Mrd. Coca-Cola
45%
41 Schweiz Lebensmittel 250 Mrd. Nestle
43%
6 Saudi-Arabien Erdöl 1.740 Mrd. Saudi Aramco
30%
26 Frankreich Luxusgüter 360 Mrd. LVMH
28%
9 Taiwan Halbleiter 930 Mrd. TSMC
28%
30 USA Bank 300 Mrd. Bank of America
26%
8 USA Holding 975 Mrd. Berkshire Hathaway
23%
19 Dänemark Pharmazie 520 Mrd. Novo Nordisk
20%
43 Schweiz Pharmazie 250 Mrd. Roche
20%
28 Niederlande Halbleiter 330 Mrd. ASML
18%
17 USA Erdöl 540 Mrd. ExxonMobil
18%
11 USA Pharmazie 800 Mrd. Eli Lilly
17%
16 USA Versicherung 550 Mrd. UnitedHealth
15%
24 USA Einzelhandel 390 Mrd. Costco
14%
14 USA Bank 583 Mrd. JPMorgen Chase
11%
15 China Medien 550 Mrd. Tencent
11%
42 Frankreich Luxusgüter 250 Mrd. Hermès
10%
32 USA Medien 300 Mrd. Netflix
10%
20 USA Software 460 Mrd. Oracle
10%
44 UK/Schweden Pharmazie 245 Mrd. AstraZeneca
9%
10 USA Halbleiter 803 Mrd. Broadcom
9%
18 USA Finanzdienstleistung 540 Mrd. Visa
9%
21 USA Finanzdiestleistung 457 Mrd. Mastercard
8%
22 USA Einzelhandel 410 Mrd. Home Depot
7%
3 USA Halbleiter 3.010 Mrd. Nvidea
7%
23 USA Konsumgüter 400 Mrd. Procter & Gamble
6%
27 USA Pharmazie 350 Mrd. Abbvie
2%
29 China Spirituosen 310 Md. Kweichow Moutai
2%
25 USA Pharmazie 390 Mrd. Johnsen & Johnsen
1%
Keine übereinstimmenden Quizze gefunden
Verteilung der Resultate
Anzahl Personen mit jedem Resultat
Perzentil nach korrekt beantworteten Fragen
Ihre Resultats-Entwicklung
Sie haben dieses Quiz noch nicht gespielt